000
00306nam a2200145Ia 4500
100
_a
Macbeth/George
650
_a
General
942
_c
BK
654
_a
Kind Of Treason
245
_a
A Kind Of Treason
260
_b
Coronet Books
_a
London
_c
1983
082
_a
823.9
300
_a
239
546
_a
ENGLISH
999
_c
21972
_d
21972